Sports Quiz

Random Sports or NFL Quiz

2019 NFL Defensive Backs Quiz Stats

 Plays Quiz not verified by Sporcle

Score 0/160 Timer 20:00
2 Plays Today
Team Player % Correct
New England PatriotsJonathan Jones
93.5%
Baltimore RavensCyrus Jones
93.5%
Green Bay PackersTramon Williams
93.5%
New Orleans SaintsP.J. Williams
93.5%
San Francisco 49ersK'Waun Williams
93.5%
Buffalo BillsTaron Johnson
87.1%
Los Angeles ChargersDesmond King II
87.1%
Denver BroncosChris Harris
86%
Miami DolphinsMinkah Fitzpatrick
83.9%
Cincinnati BengalsWilliam Jackson III
80.7%
Minnesota VikingsMackensie Alexander
80.6%
New York JetsTrumaine Johnson
80.5%
Cleveland BrownsDenzel Ward
80.2%
New England PatriotsStephon Gilmore
79.4%
Green Bay PackersJaire Alexander
79.1%
Philadelphia EaglesRonald Darby
78.8%
Minnesota VikingsHarrison Smith
78.7%
Seattle SeahawksShaquill Griffin
77.7%
Philadelphia EaglesMalcolm Jenkins
76.9%
Arizona CardinalsByron Murphy
76.8%
Seattle SeahawksTedric Thompson
76.7%
Dallas CowboysByron Jones
76.1%
New England PatriotsDevin McCourty
75.2%
Los Angeles ChargersRayshawn Jenkins
75%
Houston TexansBradley Roby
74.2%
New York JetsDarryl Roberts
74%
Pittsburgh SteelersJoe Haden
73.9%
New York GiantsJanoris Jenkins
73.9%
Miami DolphinsXavien Howard
73.8%
Kansas City ChiefsKendall Fuller
73.8%
Pittsburgh SteelersTerrell Edmunds
73.6%
Atlanta FalconsDesmond Trufant
72%
Miami DolphinsReshad Jones
71.8%
Houston TexansJohnathan Joseph
71.7%
Cincinnati BengalsDre Kirkpatrick
71.2%
Washington RedskinsJosh Norman
70.2%
Los Angeles RamsMarcus Peters
68.8%
Buffalo BillsTre'Davious White
68.7%
Houston TexansJustin Reid
68%
Chicago BearsKyle Fuller
67.9%
Tampa Bay BuccaneersCarlton Davis
67.8%
Baltimore RavensJimmy Smith
67.4%
Denver BroncosBryce Callahan
66.9%
New Orleans SaintsMarcus Williams
66.4%
Indianapolis ColtsPierre Desir
66.3%
New England PatriotsJason McCourty
66.2%
Tennessee TitansMalcolm Butler
66.2%
Green Bay PackersKevin King
66%
Houston TexansAaron Colvin
65.4%
Los Angeles ChargersCasey Hayward
65.2%
Oakland RaidersLamarcus Joyner
64.5%
Denver BroncosJustin Simmons
64.5%
New York GiantsJabril Peppers
64.5%
Oakland RaidersJohnathan Abram
63.8%
Team Player % Correct
Seattle SeahawksBrad McDougald
63.8%
Baltimore RavensEarl Thomas
63.7%
Miami DolphinsEric Rowe
63.4%
Baltimore RavensMarlon Humphrey
62.9%
New Orleans SaintsMarshon Lattimore
62.8%
Minnesota VikingsXavier Rhodes
62.4%
Carolina PanthersDonte Jackson
62.3%
Oakland RaidersGareon Conley
62.2%
New England PatriotsPatrick Chung
61.3%
Detroit LionsDarius Slay
61%
Arizona CardinalsBudda Baker
61%
Dallas CowboysChidobe Awuzie
60.6%
Kansas City ChiefsBashaud Breeland
60.3%
Denver BroncosKareem Jackson
59.6%
New York JetsMarcus Maye
59.5%
Pittsburgh SteelersSean Davis
59.3%
Kansas City ChiefsTyrann Mathieu
59.2%
New York JetsJamal Adams
59.1%
New York GiantsAntoine Bethea
59.1%
Seattle SeahawksTre Flowers
58.7%
New York GiantsDeandre Baker
58.6%
Arizona CardinalsD.J. Swearinger
58.1%
Tennessee TitansLogan Ryan
58.1%
Detroit LionsJustin Coleman
58.1%
Arizona CardinalsJalen Thompson
58.1%
San Francisco 49ersRichard Sherman
57.8%
San Francisco 49ersTarvarius Moore
57.7%
Buffalo BillsMicah Hyde
57%
Tennessee TitansKevin Byard
56.1%
Detroit LionsTracy Walker
56%
Minnesota VikingsTrae Waynes
55.8%
Arizona CardinalsTramaine Brock
55.7%
Buffalo BillsJordan Poyer
55.6%
Cincinnati BengalsJesse Bates III
55.3%
Indianapolis ColtsMailk Hooker
55.3%
Chicago BearsPrince Amukamara
55%
Pittsburgh SteelersSteven Nelson
54.8%
Dallas CowboysJourdan Lewis
54.8%
Chicago BearsEddie Jackson
54.6%
Washington RedskinsLandon Collins
54.5%
Green Bay PackersDarnell Savage, Jr.
53.8%
Cleveland BrownsMorgan Burnett
53.7%
Cleveland BrownsTerrance Mitchell
53.3%
Los Angeles ChargersMichael Davis
52.9%
Atlanta FalconsKeanu Neal
52.8%
Tampa Bay BuccaneersVernon Hargreaves III
52.5%
Green Bay PackersAdrian Amos
52.4%
Los Angeles RamsNickell Robey-Coleman
51.6%
Buffalo BillsLevi Wallace
51.3%
Philadelphia EaglesRodney McLeod
50.3%
Tampa Bay BuccaneersJordan Whitehead
50.3%
Philadelphia EaglesSidney Jones
49.4%
Baltimore RavensTony Jefferson
49.1%
Atlanta FalconsIsaiah Oliver
49.1%
Team Player % Correct
New Orleans SaintsVonn Bell
49%
Chicago BearsHaHa Clinton-Dix
48.5%
New York JetsBrian Poole
48.4%
Chicago BearsBuster Skrine
48.4%
Dallas CowboysXavier Woods
48%
New Orleans SaintsEli Apple
47.8%
Jacksonville JaguarsJalen Ramsey
47.2%
Indianapolis ColtsClayton Geathers
46.4%
Washington RedskinsQuinton Dunbar
46%
San Francisco 49ersJaquiski Tartt
45.7%
Oakland RaidersDaryl Worley
45.6%
Indianapolis ColtsRock Ya-Sin
45.2%
Philadelphia EaglesAvonte Maddox
45.2%
Kansas City ChiefsDaniel Sorensen
45.1%
Tennessee TitansKenny Vaccaro
44.9%
Cincinnati BengalsShawn Williams
44.4%
Washington RedskinsMontae Nicholson
44.3%
Carolina PanthersEric Reid
44.1%
San Francisco 49ersAhkello Witherspoon
43.8%
Dallas CowboysJeff Heath
43.1%
Tennessee TitansAdoree' Jackson
42.8%
Detroit LionsQuandre Diggs
42.8%
Los Angeles RamsAqib Talib
42%
Tampa Bay BuccaneersM.J. Stewart
41.9%
Carolina PanthersTre Boston
41.5%
Jacksonville JaguarsJarrod Wilson
41.3%
Cleveland BrownsDamarious Randall
40.4%
Carolina PanthersJames Bradberry
39.7%
Tampa Bay BuccaneersJustin Evans
39.7%
Miami DolphinsBobby McCain
39.3%
Jacksonville JaguarsRonnie Harrison
39.3%
Pittsburgh SteelersMike Hilton
38.7%
Atlanta FalconsDamontae Kazee
38.7%
Oakland RaidersKarl Joseph
38.7%
Atlanta FalconsRicardo Allen
38.7%
Los Angeles RamsEric Weddle
37.5%
Detroit LionsRashaan Melvin
37.1%
Indianapolis ColtsKenny Moore
36.6%
Houston TexansTashaun Gipson
35.1%
Los Angeles RamsJohn Johnson III
33.9%
Jacksonville JaguarsA.J. Bouye
33.5%
Jacksonville JaguarsD.J. Hayden
29%
Minnesota VikingsAnthony Harris
28.2%
Kansas City ChiefsJuan Thornhill
25.8%
Washington RedskinsFabian Moreau
25.8%
Los Angeles ChargersAdrian Phillips
23.9%
New York GiantsGrant Haley
19.4%
Cincinnati BengalsB.W. Webb
16.1%
Cleveland BrownsT.J. Carrie
16.1%
Carolina PanthersRoss Cockrell
12.9%
Denver BroncosDe'Vaunte Bausby
6.5%
Seattle SeahawksUgochukwu Amadi
3.2%

You're not logged in!

Compare scores with friends on all Sporcle quizzes.
OR
Log In

Show Comments

Extras

Top Quizzes Today


Score Distribution

Your Account Isn't Verified!

In order to create a playlist on Sporcle, you need to verify the email address you used during registration. Go to your Sporcle Settings to finish the process.

Report this User

Report this user for behavior that violates our Community Guidelines.

Details: